书目信息 |
| 题名: |
中国建筑史
|
|
| 作者: | 梁思成 著 | |
| 分册: | ||
| 出版信息: | 天津 百花文艺出版社 1998.02 |
|
| 页数: | 373页 | |
| 开本: | 32开 | |
| 丛书名: | ||
| 单 册: | ||
| 中图分类: | ||
| 科图分类: | ||
| 主题词: | 建筑史 | |
| 电子资源: | ||
| ISBN: | 7-5306-2605-1 | |
| 000 | 00551nam0 2200205 45 | |
| 001 | 9909281519 | |
| 005 | 20001002202526.1 | |
| 010 | @a7-5306-2605-1@d26.00元 | |
| 100 | @a19990928d1998 km y0chiy0120 ea | |
| 101 | @achi | |
| 105 | @a z 000yy | |
| 200 | 1 | @a中国建筑史@AZhong Guo Jian Zhu Shi@f梁思成著@FLiang Si Cheng Zhu |
| 210 | @a天津@c百花文艺出版社@d1998.02 | |
| 215 | @a373页@d32开 | |
| 606 | 0 | @a建筑史 |
| 690 | @v3 | |
| 690 | @aTU-092@v3 | |
| 701 | @a梁思成@4著 | |
| 801 | @aCN@bPFTUser@c19990928 | |
| 905 | @dTU-092@eL122@b412070-074@f5 | |
| 中国建筑史/梁思成著.-天津:百花文艺出版社,1998.02 |
| 373页;32开 |
| ISBN 7-5306-2605-1:26.00元 |
| ● |
| 相关链接 |
|
|
|
正题名:中国建筑史
索取号:TU-092/L122
 
预约/预借
| 序号 | 登录号 | 条形码 | 馆藏地/架位号 | 状态 | 备注 |
| 1 | 412070 | 204120708 | 建筑库101/101建筑库 5排1列5层/ [索取号:TU-092/L122] | 在馆 | |
| 2 | 412071 | 204120717 | 建筑库101/404自科库 3排6列5层/ [索取号:TU-092/L122] | 在馆 | |
| 3 | 412072 | 204120726 | 自科二线404/404自科库 3排6列3层/ [索取号:TU-092/L122] | 在馆 | |
| 4 | 412073 | 204120735 | 建筑库101/101建筑库 101排7列2层/ [索取号:TU-092/L122] |
已借出,限还日期为2022.09.24 借出人:刘燕丽 |
|
| 5 | 412074 | 204120744 | 自科二线404/404自科库 6排1列1层/ [索取号:TU-092/L122] | 在馆 |